| 000 | 02943nam0a2200433 4500 | ||
|---|---|---|---|
| 001 | RU\NLR\BIBL_A\012432683 | ||
| 005 | 20210121143020.0 | ||
| 010 |
_a978-5-907116-30-6 _9100 |
||
| 021 |
_aRU _bКН-П-20-054785 _9КН-П-20-4085 |
||
| 035 | _a(NLR Aleph) 012432683 | ||
| 035 | _a(RuMoRGB)010422811 | ||
| 090 |
_a11884942 _c11884942 |
||
| 100 | _a20210115d2020 u y0rusy50 ca | ||
| 101 | 0 | _arus | |
| 102 | _aRU | ||
| 105 | _aa|||j|||000zy | ||
| 181 | 0 |
_ai _baxxe |
|
| 182 | 0 | _an | |
| 200 | 1 |
_aДиагностика и коррекция нарушений гемостаза у сотрудников МЧС России с цереброваскулярными заболеваниями _eметодические рекомендации _fМинистерство Российской Федерации по делам гражданской обороны, чрезвычайным ситуациям и ликвидации последствий стихийных бедствий, Федеральное государственное бюджетное учреждение "Всероссийский центр экстренной и радиационной медицины имени А.М. Никифорова" _g[Тихомирова О.В. и др. _gпод ред. С.С. Алексанина] |
|
| 203 |
_aТекст _bвизуальный _cнепосредственный |
||
| 210 |
_aСанкт-Петербург _cФГБУ ВЦЭРМ им. А.М. Никифорова МЧС России _d2020 |
||
| 215 |
_a39, [1] с. _cил., табл. _d21 |
||
| 320 | _aБиблиогр.: с. 39-40 (18 назв.) | ||
| 606 | 1 |
_aГемостаз _jМетодические пособия _xНарушения у спасателей МЧС _92464156 _3RU\NLR\AUTH\6601681350 |
|
| 606 | 1 |
_aКровеносные сосуды головного мозга _jМетодические пособия _xБолезни у спасателей МЧС _92267569 _3RU\NLR\AUTH\6601588592 |
|
| 610 | 0 | _aцереброваскулярные заболевания у сотрудников МЧС России | |
| 610 | 0 | _aгемостаз | |
| 686 | 1 | _aР627.703я8 | |
| 686 | 1 | _aР411.023я8 | |
| 686 | 1 | _aР124.69я8 | |
| 702 | 1 |
_4220 _aТихомирова _bО. В. _cд-р мед. наук _gОльга Викторовна _9209622 _3RU\NLR\AUTH\770209676 |
|
| 702 | 1 |
_aАлексанин _bС. С. _f1957- _gСергей Сергеевич _4340 |
|
| 712 | 0 | 2 |
_4475 _aВсероссийский центр экстренной и радиационной медицины им. А. М. Никифорова _cСанкт-Петербург _9662677 _3RU\NLR\AUTH\8810080273 |
| 942 | _cBOOK | ||
| 980 | _aNBR | ||
| 980 | _aNB | ||